| Tag |
First Indicator |
Second Indicator |
Subfields |
| LEADER |
00000cam a2200000 i 4500 |
| 001 |
in00000062569 |
| 005 |
20151007083020.0 |
| 008 |
790326s1979 nyua b 10100 eng |
| 010 |
|
|
|a 79010548
|
| 019 |
|
|
|a 5513213
|
| 020 |
|
|
|a 0125187505
|
| 035 |
|
|
|a (OCoLC)04857884
|
| 035 |
|
|
|9 AAF8733AM
|
| 040 |
|
|
|a DLC
|c DLC
|d CLU
|d TXA
|d UtOrBLW
|
| 049 |
|
|
|a TXAM
|c [1114099]
|
| 050 |
0 |
0 |
|a QL757
|b .H67
|
| 060 |
|
0 |
|a QX 4.3 H831 1979
|
| 082 |
0 |
|
|a 574.5/24
|
| 096 |
|
|
|a QX 4.3 H831 1977
|
| 245 |
0 |
0 |
|a Host-parasite interfaces /
|c edited by Brent B. Nickol.
|
| 264 |
|
1 |
|a New York :
|b Academic Press,
|c 1979.
|
| 300 |
|
|
|a xii, 144 pages :
|b illustrations ;
|c 24 cm.
|
| 336 |
|
|
|a text
|b txt
|2 rdacontent
|
| 337 |
|
|
|a unmediated
|b n
|2 rdamedia
|
| 338 |
|
|
|a volume
|b nc
|2 rdacarrier
|
| 500 |
|
|
|a "Proceedings of a symposium held at the University of Nebraska--Lincoln, Lincoln, Nebraska, October 5-7, 1977."
|
| 504 |
|
|
|a Includes bibliographies and index.
|
| 650 |
|
0 |
|a Host-parasite relationships
|v Congresses.
|
| 650 |
|
2 |
|a Parasitology
|x congresses.
|
| 700 |
1 |
|
|a Nickol, Brent B.
|
| 710 |
2 |
|
|a University of Nebraska--Lincoln.
|
| 999 |
|
|
|a MARS
|
| 999 |
f |
f |
|s 31604963-552d-3964-b9cd-906ac5bd7781
|i ded8a15c-0db8-3372-b004-a2ce93ee2c27
|t 0
|
| 952 |
f |
f |
|p ric
|a Texas A&M University
|b Rellis Campus
|c Joint Library Facility
|d Remote Storage
|t 0
|e QL757 .H67
|h Library of Congress classification
|i unmediated -- volume
|m A14806479636
|
| 998 |
f |
f |
|a QL757 .H67
|t 0
|l Remote Storage
|